Digital Filters and Signal Processing / (Record no. 193488)
[ view plain ]
| 000 -LEADER | |
|---|---|
| fixed length control field | 00995 a2200193 4500 |
| 003 - CONTROL NUMBER IDENTIFIER | |
| control field | Nust |
| 005 - DATE AND TIME OF LATEST TRANSACTION | |
| control field | 20230901084845.0 |
| 020 ## - INTERNATIONAL STANDARD BOOK NUMBER | |
| Terms of availability | 0898382769 |
| 040 ## - CATALOGING SOURCE | |
| Transcribing agency | Nust |
| 082 ## - DEWEY DECIMAL CLASSIFICATION NUMBER | |
| Classification number | 621.3815324,JAC |
| 100 ## - MAIN ENTRY--PERSONAL NAME | |
| Personal name | Leland B. jackson |
| 9 (RLIN) | 97187 |
| 245 ## - TITLE STATEMENT | |
| Title | Digital Filters and Signal Processing / |
| Statement of responsibility, etc. | Leland B Jackson, |
| 250 ## - EDITION STATEMENT | |
| Edition statement | 2nd ed |
| 260 ## - PUBLICATION, DISTRIBUTION, ETC. | |
| Place of publication, distribution, etc. | Boston |
| Name of publisher, distributor, etc. | Kluwer Academic |
| Date of publication, distribution, etc. | 1989 |
| 300 ## - PHYSICAL DESCRIPTION | |
| Extent | 410p |
| 505 ## - FORMATTED CONTENTS NOTE | |
| Formatted contents note | Introduction, Terminology and Motivation (Page-1), Discrete Time Signals and Systems (Page-3), The z Transform (Page-19), Input /output Relationship (Page-39), Discrete Time Network (Page-71), Sampling Continuous Time Signals (Page-105), Discrete Fourier transform (Page-133), IIR Filter Design by Transformation (Page-187), FIR Filter Design Techniques (Page-223), Filter Design by Modeling (Page-249), Quantization Effect (Page-297), Digital Filter Implementation (Page-343), Filter and Systems Examples (Page-365), |
| 650 ## - SUBJECT ADDED ENTRY--TOPICAL TERM | |
| Topical term or geographic name entry element | Telecommunication Engineering. |
| 942 ## - ADDED ENTRY ELEMENTS (KOHA) | |
| Koha item type | Reference |
| Source of classification or shelving scheme | |
| Withdrawn status | Lost status | Source of classification or shelving scheme | Damaged status | Not for loan | Permanent Location | Current Location | Shelving location | Date acquired | Full call number | Barcode | Date last seen | Price effective from | Koha item type | Public note |
|---|---|---|---|---|---|---|---|---|---|---|---|---|---|---|
| Military College of Signals (MCS) | Military College of Signals (MCS) | Reference | 12/12/2016 | 621.3815324,JAC | MCS22682 | 12/08/2016 | 12/12/2016 | Reference | Almirah No.21, Shelf No.5 |
